000 01050aam a2200313 4500
001 18510
003 CO-MdFUSB
005 20170505084131.0
008 170504t1993 sp ||||| |||| 00| 0 spa d
020 _a84-487-0133-X
040 _aCO-MdFUSB
_bspa
_cCO-MdFUSB
_dCO-MdFUSBC
_erda
041 _aspa
082 0 4 _a24
_2R 109
_bG752g Vol. 14
100 1 _aDescartes, René
_eautor
245 1 0 _aGrandes obras del pensamiento
_b: Discurso del método
_c/ René Descartes ; traducido por Eduardo Bello Reguera
264 1 _aBarcelona, España :
_bTecnos, Altaya,
_c℗[1993]
264 4 _c©1993
300 _a104 pág.
_b:
_c;
336 _2rdacontent
_a1
_ba1
337 _2rdamedia
_a2
_b5
338 _2rdacarrier
_a2
_b5
490 _aGrandes Obras del Pensamiento
500 _aTítulo original: Discours de la méthode (1637)
563 _aPasta dura
650 1 4 _aMetodología \ Ciencias - Metodología \ Filosofía - Historía y opiniones modernas
650 7 _aFilosofía antigua
_9168
942 _cREF
999 _c44935
_d44935